KOHA-Header-6

Pocket Advertising (Record no. 7802)

000 -LEADER
fixed length control field 00256nam a2200109Ia 4500
100 ## - MAIN ENTRY--AUTHOR NAME
Personal name Marshall,Caroline
245 #0 - TITLE STATEMENT
Title Pocket Advertising
260 ## - PUBLICATION, DISTRIBUTION, ETC. (IMPRINT)
Place of publication Italy
Name of publisher McGraw-Hill
Year of publication 1998
300 ## - PHYSICAL DESCRIPTION
Number of Pages 207
942 ## - ADDED ENTRY ELEMENTS (KOHA)
Koha item type Books
Holdings
Withdrawn status Lost status Collection code Permanent Location Current Location Shelving location Date acquired Full call number Accession Number Koha item type
    Dictionaries MAJU MAJU Shelf No.B28 2019-09-12 658.2 1945 DICTIONARY

Powered by Koha